Islands - Statistics

General Stats
  • This quiz has been taken 387 times
  • The average score is 10 of 18
Answer Stats
Hint Answer % Correct
The Maldives Indian Ocean
96%
Galapagos Pacific Ocean
96%
Jamaica Caribbean Sea
90%
Malta Mediterranean Sea
87%
Funchal Atlantic Ocean
81%
Isle of Wight English Channel
76%
Svalbard Arctic Ocean
74%
Isle of Man Irish Sea
72%
Aaland Baltic Sea
70%
Alcatraz San Francisco Bay
61%
Awashima Sea of Japan
44%
Hvar Adriatic Sea
42%
Farasan Red Sea
38%
Isle of Dogs Thames
25%
Ogurja Ada Caspian Sea
24%
L'Ile Saint-Denis Seine
18%
Isle Royale Lake Superior
16%
Pelee Island Lake Erie
10%
No matching quizzes found
Score Distribution
Percent of People with Each Score
Percentile by Number Answered
Your Score History
You have not taken this quiz